000 00501nam a2200205Ia 4500
003 OSt
005 20250929185430.0
008 210423s1996 xx 000 0 und d
040 _cAL
041 _aEnglish
082 _a305.235
_bAHUY
100 _aRam Ahuja
_9108819
245 _aYouth and crime
260 _aJaipur
_bRawat Publications
_c1996
365 _b300
_cINR
650 _aSocial Groups
_9108820
650 _aSocial Sciences
_9108821
906 _acrime ; Youth
942 _2ddc
_cBK
999 _c172464
_d172464